000 00202nam a2200085Ia 4500
008 120527s9999 xx 000 0 und d
100 _aFawcett & Sandberg
245 _aGrassroot with readings
942 _cBK
999 _c27326
_d27326